[Event "COL Subzt 2.3.4"]
[Site "Risarald"]
[Date "2021.11.25"]
[Round "5"]
[White "Pardo Sierra, Aurelio"]
[Black "Sanchez Bonilla, John Henry"]
[Result "1/2-1/2"]
[WhiteElo "1982"]
[BlackElo "1814"]
[PlyCount "74"]
[EventDate "2021.11.23"]
[EventType "swiss"]
[EventRounds "9"]
[EventCountry "COL"]
[SourceTitle "CBM 205 Extra"]
[Source "ChessBase"]
[SourceDate "2022.01.31"]
[SourceVersion "1"]
[SourceVersionDate "2022.01.31"]
[SourceQuality "1"]

1. d4 d5 2. c4 c6 3. Nf3 Nf6 4. Nc3 a6 5. a4 Bf5 6. Qb3 Ra7 7. Bf4 e6 8. e3 Nbd7 9. a5 Be7 10. h3 h6 11. c5 Qc8 12. Na4 0-0 13. Be2 Re8 14. 0-0 Bf8 15. Rfc1 Be4 16. Nb6 Qd8 17. Ne5 Nxe5 18. Bxe5 Nd7 19. Bg3 Be7 20. Ra4 Bf6 21. f4 g6 22. Nxd7 Qxd7 23. Qb6 Rea8 24. Qb3 Bd8 25. Bd3 Bxd3 26. Qxd3 Bc7 27. h4 h5 28. Rf1 Qd8 29. b4 f5 30. Kf2 Qe8 31. Ke2 Bd8 32. Kd2 Bf6 33. Kc2 Qe7 34. Rh1 Kf7 35. Raa1 Rh8 36. Kb3 Rha8 37. Bf2 Rh8 1/2-1/2

[Event "COL Subzt 2.3.4"]
[Site "Risarald"]
[Date "2021.11.23"]
[Round "1"]
[White "Alzate Velez, Valentin"]
[Black "Sanchez Bonilla, John Henry"]
[Result "0-1"]
[WhiteElo "1226"]
[BlackElo "1814"]
[PlyCount "72"]
[EventDate "2021.11.23"]
[EventType "swiss"]
[EventRounds "9"]
[EventCountry "COL"]
[SourceTitle "CBM 205 Extra"]
[Source "ChessBase"]
[SourceDate "2022.01.31"]
[SourceVersion "1"]
[SourceVersionDate "2022.01.31"]
[SourceQuality "1"]

1. d4 d5 2. c4 c6 3. cxd5 cxd5 4. Bf4 Nf6 5. Nc3 a6 6. e3 Nc6 7. a3 Bg4 8. Be2 Bxe2 9. Ngxe2 e6 10. 0-0 h6 11. b4 Bd6 12. Bxd6 Qxd6 13. Na4 0-0 14. Rc1 Rac8 15. Nf4 Rc7 16. Nd3 Na7 17. Rxc7 Qxc7 18. Qc1 Rc8 19. Qxc7 Rxc7 20. Ndc5 Nb5 21. Ra1 Nd6 22. f3 Nc4 23. Kf2 b6 24. Nd3 Kf8 25. Ne5 Nd7 26. Nxc4 Rxc4 27. Ra2 Ke7 28. Ke2 Kd6 29. Kd3 f6 30. Rc2 Rxc2 31. Kxc2 e5 32. Kd3 h5 33. h4 g6 34. f4 e4+ 35. Ke2 f5 36. Kf2 Ke6 0-1

[Event "COL-ch U2000"]
[Site "Villamaria"]
[Date "2019.11.03"]
[Round "4"]
[White "Sanchez Bonilla, John Henry"]
[Black "Morales, Diana Marcela"]
[Result "0-1"]
[WhiteElo "1823"]
[BlackElo "1843"]
[PlyCount "54"]
[EventDate "2019.11.01"]
[EventType "swiss"]
[EventRounds "7"]
[EventCountry "COL"]
[SourceTitle "CBM 193 Extra"]
[Source "ChessBase"]
[SourceDate "2020.01.31"]
[SourceVersion "1"]
[SourceVersionDate "2020.01.31"]
[SourceQuality "1"]

1. c4 c5 2. Nf3 Nc6 3. Nc3 Nf6 4. g3 g6 5. Bg2 Bg7 6. 0-0 0-0 7. Rb1 e5 8. d3 h6 9. a3 a5 10. Bd2 d6 11. Ne1 Be6 12. Nc2 d5 13. cxd5 Nxd5 14. Ne3 Nde7 15. Ne4 b6 16. Bc3 Rb8 17. b4 cxb4 18. axb4 Nxb4 19. Bxb4 axb4 20. Rxb4 f5 21. Nd2 Qd6 22. Qb1 Nc8 23. Ndc4 Qc7 24. Nd5 Qa7 25. Ndxb6 Nxb6 26. Rxb6 Bxc4 27. Rxb8 Rxb8 0-1

[Event "COL-ch U2000"]
[Site "Villamaria"]
[Date "2019.11.02"]
[Round "3"]
[White "Gomez Viana, Duvan Leandro"]
[Black "Sanchez Bonilla, John Henry"]
[Result "0-1"]
[WhiteElo "1807"]
[BlackElo "1823"]
[PlyCount "59"]
[EventDate "2019.11.01"]
[EventType "swiss"]
[EventRounds "7"]
[EventCountry "COL"]
[SourceTitle "CBM 193 Extra"]
[Source "ChessBase"]
[SourceDate "2020.01.31"]
[SourceVersion "1"]
[SourceVersionDate "2020.01.31"]
[SourceQuality "1"]

1. e4 e6 2. Nf3 d5 3. exd5 exd5 4. d4 Bd6 5. Bd3 Ne7 6. 0-0 0-0 7. h3 h6 8. Nc3 c6 9. Ne2 Bf5 10. Bf4 Qc7 11. Bxd6 Qxd6 12. Ng3 Bg6 13. Re1 Nd7 14. Nh4 Bxd3 15. Qxd3 Rfe8 16. Nhf5 Nxf5 17. Nxf5 Qf6 18. Ne3 Re6 19. Re2 Rae8 20. Rae1 Nf8 21. Ng4 Qf4 22. Rxe6 Rxe6 23. Re3 Qd6 24. Qb3 Qe7 25. Kf1 h5 26. Ne5 f6 27. Nf3 g6 28. Qa3 Rxe3 29. Qxe3 Qxe3 30. fxe3 0-1

[Event "COL-ch U2000"]
[Site "Villamaria"]
[Date "2019.11.02"]
[Round "2"]
[White "Sanchez Bonilla, John Henry"]
[Black "Mina Grueso, Joni Fernando"]
[Result "0-1"]
[WhiteElo "1823"]
[BlackElo "1944"]
[PlyCount "74"]
[EventDate "2019.11.01"]
[EventType "swiss"]
[EventRounds "7"]
[EventCountry "COL"]
[SourceTitle "CBM 193 Extra"]
[Source "ChessBase"]
[SourceDate "2020.01.31"]
[SourceVersion "1"]
[SourceVersionDate "2020.01.31"]
[SourceQuality "1"]

1. c4 e5 2. g3 Nf6 3. Bg2 c6 4. Nc3 d5 5. b3 Be7 6. d3 0-0 7. e4 Bb4 8. Bd2 dxc4 9. dxc4 Qa5 10. Nge2 Rd8 11. Qc2 Bg4 12. f3 Be6 13. 0-0 Na6 14. Be3 Bc5 15. Bxc5 Qxc5+ 16. Kh1 Nb4 17. Qc1 Nd3 18. Qg5 h6 19. Qh4 Nf2+ 20. Rxf2 Qxf2 21. Rf1 Qe3 22. f4 Bg4 23. fxe5 Bxe2 24. Nxe2 Qxe2 25. exf6 Rd1 26. Qf4 Rad8 27. fxg7 R8d7 28. Kg1 R1d2 29. Qf3 Qxf3 30. Bxf3 Rxa2 31. Bh5 Kxg7 32. e5 Ra5 33. e6 fxe6 34. Bg4 Rd2 35. Bxe6 Raa2 36. Re1 Rg2+ 37. Kf1 Raf2# 0-1

[Event "COL-ch U2000"]
[Site "Pereira"]
[Date "2019.03.22"]
[Round "3"]
[White "Sanchez Bonilla, John Henry"]
[Black "Zuluaga, Nicolas"]
[Result "1-0"]
[WhiteElo "1844"]
[BlackElo "1729"]
[PlyCount "55"]
[EventDate "2019.03.21"]
[EventType "swiss"]
[EventRounds "9"]
[EventCountry "COL"]
[SourceTitle "CBM 189 Extra"]
[Source "ChessBase"]
[SourceDate "2019.06.03"]
[SourceVersion "1"]
[SourceVersionDate "2019.06.03"]
[SourceQuality "1"]

1. c4 Nf6 2. Nf3 d5 3. cxd5 Nxd5 4. Nc3 c6 5. g3 Bg4 6. Bg2 e6 7. d3 Bb4 8. Bd2 Nd7 9. Qa4 Nc5 10. Qc2 Qa5 11. 0-0 0-0 12. Rfc1 Nxc3 13. bxc3 Ba3 14. Rcb1 Qc7 15. Bf4 Qe7 16. Ne5 Bf5 17. Nc4 Rfd8 18. Bf1 Na6 19. Nxa3 Qxa3 20. Rxb7 Nc5 21. Rb2 Na4 22. Rb3 Qc5 23. Rab1 Nb6 24. Bc7 Rdc8 25. Bxb6 axb6 26. Rxb6 Qd5 27. R1b2 h6 28. e4 1-0

[Event "Manizales op 26th"]
[Site "Manizales"]
[Date "2017.01.06"]
[Round "4"]
[White "Obando Guzman, Soren Federico"]
[Black "Sanchez Bonilla, John Henry"]
[Result "1-0"]
[WhiteElo "2023"]
[BlackElo "1861"]
[PlyCount "53"]
[EventDate "2017.01.04"]
[EventType "swiss"]
[EventRounds "9"]
[EventCountry "COL"]
[SourceTitle "CBM 176 Extra"]
[Source "ChessBase"]
[SourceDate "2017.03.02"]
[SourceVersion "1"]
[SourceVersionDate "2017.03.02"]
[SourceQuality "1"]

1. d4 e6 2. c4 d5 3. Nf3 Nf6 4. g3 c6 5. Qc2 Nbd7 6. Bg2 Bd6 7. 0-0 0-0 8. Rd1 Re8 9. Nbd2 b5 10. b3 Bb7 11. e4 dxe4 12. Nxe4 Nxe4 13. Qxe4 Nf6 14. Qe2 Rc8 15. cxb5 Qb6 16. bxc6 Bxc6 17. Bb2 Qb7 18. Rac1 Red8 19. Ne1 Bxg2 20. Nxg2 Nd5 21. Ne3 Bc7 22. Ba3 Nb4 23. Bxb4 Qxb4 24. d5 Qe4 25. Qa6 exd5 26. Rxd5 Rb8 27. Rxc7 1-0

[Event "COL sub zt 2.3.4"]
[Site "La Dorada"]
[Date "2016.11.06"]
[Round "7"]
[White "Andrade Truyol, Geiner Jose"]
[Black "Sanchez Bonilla, John Henry"]
[Result "1-0"]
[WhiteElo "2022"]
[BlackElo "1893"]
[PlyCount "73"]
[EventDate "2016.11.02"]
[EventType "swiss"]
[EventRounds "9"]
[EventCountry "COL"]
[SourceTitle "CBM 175 Extra"]
[Source "ChessBase"]
[SourceDate "2016.12.12"]
[SourceVersion "1"]
[SourceVersionDate "2016.12.12"]
[SourceQuality "1"]

1. d4 d5 2. c4 c6 3. Nc3 Nf6 4. Nf3 Bf5 5. g3 Qc8 6. Bg2 e6 7. 0-0 h6 8. Qb3 Bd6 9. c5 Bc7 10. Nh4 Bh7 11. f4 Nbd7 12. Nf3 Ne4 13. Nd2 Nxd2 14. Bxd2 Nf6 15. Rac1 0-0 16. Qd1 Qd8 17. b4 a6 18. a4 Nd7 19. a5 f6 20. e4 dxe4 21. Bxe4 Bxe4 22. Nxe4 e5 23. Qb3+ Kh8 24. d5 Re8 25. d6 Bb8 26. Bc3 exf4 27. Rxf4 Ba7 28. Rcf1 Rf8 29. Rh4 Qe8 30. Re1 Qg6 31. Qe6 Rad8 32. Qg4 Kh7 33. Qxg6+ Kxg6 34. Rg4+ Kf7 35. Nxf6 Nxf6 36. Re7+ Kg8 37. Rgxg7+ 1-0

[Event "COL pre olympic sf1"]
[Site "Medellin"]
[Date "2016.03.27"]
[Round "9"]
[White "Sanchez Bonilla, John Henry"]
[Black "Soto, Miguel Angel"]
[Result "0-1"]
[WhiteElo "1886"]
[BlackElo "2051"]
[PlyCount "74"]
[EventDate "2016.03.22"]
[EventType "swiss"]
[EventRounds "9"]
[EventCountry "COL"]
[SourceTitle "CBM 171 Extra"]
[Source "ChessBase"]
[SourceDate "2016.04.26"]
[SourceVersion "1"]
[SourceVersionDate "2016.04.26"]
[SourceQuality "1"]

1. d4 Nf6 2. Nf3 g6 3. Bf4 Bg7 4. h3 0-0 5. e3 d6 6. Be2 Nfd7 7. c3 e5 8. Bh2 Nc6 9. 0-0 f5 10. a3 g5 11. dxe5 dxe5 12. Qc2 Qe7 13. Rd1 e4 14. Nd4 Nxd4 15. cxd4 c6 16. Nd2 Nb6 17. Nc4 Nxc4 18. Bxc4+ Kh8 19. b4 f4 20. Rac1 f3 21. g4 h5 22. Kf1 hxg4 23. hxg4 Bxg4 24. Ke1 Bh5 25. Bg3 Bf7 26. Qb2 a5 27. Bxf7 Rxf7 28. Qb3 axb4 29. axb4 Rf5 30. Rc5 Rd5 31. Rdc1 Qe6 32. Rxd5 cxd5 33. Qc2 Qa6 34. Rb1 Qb5 35. Kd2 Ra2 36. Rb2 Qe2+ 37. Kc3 Ra3+ 0-1

[Event "Manizales Castro Memorial"]
[Site "Manizales"]
[Date "2015.12.19"]
[Round "5"]
[White "Hernandez Pinzon, Helvert"]
[Black "Sanchez Bonilla, John Henry"]
[Result "1/2-1/2"]
[WhiteElo "1992"]
[BlackElo "1822"]
[PlyCount "82"]
[EventDate "2015.12.17"]
[EventType "swiss"]
[EventRounds "7"]
[EventCountry "COL"]
[SourceTitle "CBM 170 Extra"]
[Source "ChessBase"]
[SourceDate "2016.02.25"]
[SourceVersion "1"]
[SourceVersionDate "2016.02.25"]
[SourceQuality "1"]

1. e4 e6 2. d4 d5 3. Nc3 Nf6 4. e5 Nfd7 5. f4 c5 6. Nf3 a6 7. Be3 Nc6 8. Qd2 cxd4 9. Nxd4 Nxd4 10. Bxd4 Bc5 11. Be2 b5 12. Bxc5 Nxc5 13. Qd4 Qc7 14. 0-0 Bb7 15. Bf3 0-0 16. f5 exf5 17. Nxd5 Bxd5 18. Bxd5 g6 19. Bxa8 Rxa8 20. Rad1 Ne4 21. c3 Re8 22. Rfe1 Qb7 23. Rd3 Re6 24. g4 Qc6 25. Rde3 h6 26. R1e2 Kh7 27. h4 h5 28. g5 Qc7 29. Rxe4 fxe4 30. Rxe4 Kg7 31. Kf2 Qe7 32. Ke3 Qc7 33. Kd3 a5 34. a3 a4 35. Kc2 Kh7 36. Qd5 Rb6 37. Rf4 Kg7 38. Rf6 Kg8 39. e6 Rxe6 40. Rxe6 fxe6 41. Qxe6+ Kh7 1/2-1/2

[Event "Villamaria Nacional U2200"]
[Site "Villamaria"]
[Date "2015.12.06"]
[Round "6.6"]
[White "Lopez Ramirez, Jorge Hernan"]
[Black "Sanchez Bonilla, John Henry"]
[Result "1/2-1/2"]
[WhiteElo "2001"]
[BlackElo "1822"]
[PlyCount "58"]
[EventDate "2015.12.04"]
[EventType "swiss"]
[EventRounds "7"]
[EventCountry "COL"]
[SourceTitle "EXT 2024"]
[Source "ChessBase"]
[SourceDate "2023.10.10"]
[SourceVersion "1"]
[SourceVersionDate "2023.10.10"]
[SourceQuality "1"]

1. e4 e6 2. d4 d5 3. Nd2 c5 4. c3 Nc6 5. Ngf3 cxd4 6. cxd4 dxe4 7. Nxe4 Nf6 8. Bd3 Be7 9. 0-0 0-0 10. Be3 b6 11. Qc2 Nb4 12. Nxf6+ Bxf6 13. Bxh7+ Kh8 14. Qb3 Kxh7 15. Qxb4 Bb7 16. Rac1 Bxf3 17. gxf3 Qd5 18. Rc7 Qxf3 19. Rfc1 Kg8 20. Qa4 a6 21. Qc6 Qxc6 22. R1xc6 b5 23. Kf1 Rfd8 24. Rb7 Rdc8 25. Rxc8+ Rxc8 26. Rb6 Rc2 27. Rxa6 Rxb2 28. Kg2 Bh4 29. Ra7 b4 1/2-1/2

[Event "Villamaria Nacional U2200"]
[Site "Villamaria"]
[Date "2015.12.05"]
[Round "5.12"]
[White "Sanchez Bonilla, John Henry"]
[Black "Zuluaga Alzate, Gustavo"]
[Result "1-0"]
[WhiteElo "1822"]
[BlackElo "1733"]
[PlyCount "67"]
[EventDate "2015.12.04"]
[EventType "swiss"]
[EventRounds "7"]
[EventCountry "COL"]
[SourceTitle "EXT 2024"]
[Source "ChessBase"]
[SourceDate "2023.10.10"]
[SourceVersion "1"]
[SourceVersionDate "2023.10.10"]
[SourceQuality "1"]

1. d4 Nf6 2. Nf3 d5 3. Bf4 e6 4. Nbd2 Bd6 5. Bg3 0-0 6. e3 c5 7. c3 Nc6 8. Bd3 b6 9. Qb1 h6 10. Bh4 Be7 11. 0-0 Re8 12. Ne5 Nxe5 13. dxe5 Nd7 14. Bxe7 Qxe7 15. f4 Bb7 16. Nf3 Rac8 17. Rf2 c4 18. Bc2 Rc7 19. Nd4 a6 20. a4 f5 21. Qd1 Qf7 22. g4 g6 23. Rg2 Kh8 24. Qf3 Nc5 25. Kh1 Rg8 26. Rag1 Rcc8 27. h3 Ne4 28. Bxe4 dxe4 29. Qf2 Qe7 30. Kh2 h5 31. gxh5 gxh5 32. Rg5 Rxg5 33. Rxg5 Qe8 34. Qh4 1-0

[Event "Pereira Forero Cup 2nd"]
[Site "Pereira"]
[Date "2015.04.19"]
[Round "5"]
[White "Molano, Walter Rene"]
[Black "Sanchez Bonilla, John Henry"]
[Result "0-1"]
[WhiteElo "1676"]
[BlackElo "1717"]
[PlyCount "95"]
[EventDate "2015.04.17"]
[EventType "swiss"]
[EventRounds "5"]
[EventCountry "COL"]
[SourceTitle "CBM 166 Extra"]
[Source "ChessBase"]
[SourceDate "2015.06.18"]
[SourceVersion "1"]
[SourceVersionDate "2015.06.18"]
[SourceQuality "1"]

1. e4 e6 2. d4 d5 3. e5 c5 4. Bb5+ Bd7 5. Bxd7+ Qxd7 6. c3 Qb5 7. Na3 Qb6 8. Qa4+ Nc6 9. Nf3 cxd4 10. Nxd4 Bxa3 11. Nxc6 Qxc6 12. Qxa3 Qc4 13. Be3 Ne7 14. 0-0-0 Qc7 15. Bc5 b6 16. Bd6 Qb7 17. g4 Rd8 18. Rd4 Rd7 19. h4 0-0 20. h5 Rc8 21. Kb1 Nc6 22. Rd3 Na5 23. f3 Nc4 24. Qa4 Nxd6 25. exd6 Qc6 26. Qf4 Qxd6 27. Qe3 Rc4 28. Rd4 Rdc7 29. g5 b5 30. g6 fxg6 31. hxg6 h6 32. Rxc4 bxc4 33. f4 Re7 34. Re1 a5 35. Qe5 Qxe5 36. Rxe5 Kf8 37. b3 cxb3 38. axb3 Ke8 39. Kb2 Kd7 40. c4 Kd6 41. cxd5 exd5 42. Rxe7 Kxe7 43. Kc3 Kf6 44. Kd4 Kxg6 45. Kxd5 h5 46. Ke4 h4 47. Ke3 Kf5 48. Kf3 0-1

[Event "Medellin Easter op"]
[Site "Medellin"]
[Date "2015.??.??"]
[Round "8"]
[White "Rodriguez Lopez, Andres Camilo"]
[Black "Sanchez Bonilla, John Henry"]
[Result "1/2-1/2"]
[WhiteElo "1933"]
[BlackElo "1717"]
[PlyCount "106"]
[EventDate "2015.04.01"]
[EventType "swiss"]
[EventRounds "9"]
[EventCountry "COL"]
[SourceTitle "CBM 165 Extra"]
[Source "ChessBase"]
[SourceDate "2015.04.21"]
[SourceVersion "1"]
[SourceVersionDate "2015.04.21"]
[SourceQuality "1"]

1. e4 e6 2. d4 d5 3. Nd2 c5 4. Ngf3 cxd4 5. Nxd4 Nc6 6. Nxc6 bxc6 7. Bd3 Bb7 8. c3 Qb6 9. 0-0 Nf6 10. e5 Nd7 11. Nf3 c5 12. Bc2 Bc6 13. Re1 a5 14. Rb1 a4 15. a3 h6 16. Qe2 Be7 17. c4 d4 18. Be4 0-0 19. Bf4 Rfb8 20. Nd2 Bxe4 21. Nxe4 Qc6 22. Qg4 Kh7 23. Qf3 Rb6 24. b3 axb3 25. Rxb3 Rab8 26. Rb5 Qb7 27. a4 Qa6 28. Reb1 Qxa4 29. Qd3 Kg8 30. Nf6+ Bxf6 31. exf6 Rxb5 32. cxb5 Rb7 33. fxg7 Qa2 34. Rf1 h5 35. h3 Qd5 36. Rc1 Kxg7 37. Ra1 h4 38. Ra8 c4 39. Qd1 Qf5 40. Qxd4+ e5 41. Qd5 Qb1+ 42. Kh2 Qxb5 43. Qxb5 Rxb5 44. Be3 Rb8 45. Ra7 Nf6 46. Rc7 Rb4 47. Bg5 Nh7 48. Bxh4 Kg6 49. Be7 Rb2 50. Rxc4 Rxf2 51. Rg4+ Kh6 52. Rh4+ Kg6 53. Rg4+ Kh6 1/2-1/2

[Event "Medellin Easter op"]
[Site "Medellin"]
[Date "2015.??.??"]
[Round "2"]
[White "Rojas Barrero, Andres Humberto"]
[Black "Sanchez Bonilla, John Henry"]
[Result "1-0"]
[WhiteElo "2178"]
[BlackElo "1717"]
[PlyCount "77"]
[EventDate "2015.04.01"]
[EventType "swiss"]
[EventRounds "9"]
[EventCountry "COL"]
[SourceTitle "CBM 165 Extra"]
[Source "ChessBase"]
[SourceDate "2015.04.21"]
[SourceVersion "1"]
[SourceVersionDate "2015.04.21"]
[SourceQuality "1"]

1. e4 e6 2. d4 d5 3. Nc3 Bb4 4. e5 Ne7 5. a3 Ba5 6. b4 Bb6 7. Qg4 Ng6 8. Nf3 a5 9. Na4 c6 10. Bd3 Nd7 11. h4 h5 12. Qg3 Ndf8 13. 0-0 axb4 14. axb4 Bd7 15. Bg5 Qc7 16. Nxb6 Rxa1 17. Rxa1 Qxb6 18. Ra8+ Bc8 19. Rxc8+ Kd7 20. Rd8+ Kc7 21. Bxg6 Nxg6 22. Rxh8 Nxh8 23. Bd2 Ng6 24. c3 Qb5 25. Ng5 Qe2 26. Be3 Ne7 27. Nxe6+ Kb6 28. Nxg7 Qe1+ 29. Kh2 Qxc3 30. Qf3 Ng6 31. Qxf7 Nxh4 32. Qf6 Nxg2 33. Kxg2 Qd3 34. Qf5 Qe2 35. Qxh5 Qd3 36. Qf5 Qb3 37. Ne6 Qxb4 38. Nc5 Kb5 39. Qd3+ 1-0

[Event "Medellin Easter op"]
[Site "Medellin"]
[Date "2015.??.??"]
[Round "1"]
[White "Sanchez Bonilla, John Henry"]
[Black "Culma, Ruben"]
[Result "1/2-1/2"]
[WhiteElo "1717"]
[BlackElo "2105"]
[PlyCount "35"]
[EventDate "2015.04.01"]
[EventType "swiss"]
[EventRounds "9"]
[EventCountry "COL"]
[SourceTitle "CBM 165 Extra"]
[Source "ChessBase"]
[SourceDate "2015.04.21"]
[SourceVersion "1"]
[SourceVersionDate "2015.04.21"]
[SourceQuality "1"]

1. d4 Nf6 2. Nf3 e6 3. Bf4 d5 4. e3 Bd6 5. Ne5 0-0 6. Nd2 Nbd7 7. Bd3 Qe7 8. 0-0 h6 9. a3 g5 10. Bg3 Kg7 11. c4 Rh8 12. Rc1 h5 13. Nxd7 Bxd7 14. Bxd6 cxd6 15. Qe2 Bc6 16. c5 dxc5 17. Rxc5 e5 18. Rfc1 1/2-1/2

[Event "Medellin Easter op"]
[Site "Medellin"]
[Date "2015.??.??"]
[Round "4"]
[White "Sanchez Bonilla, John Henry"]
[Black "Ramirez, Jaime Orlando"]
[Result "1/2-1/2"]
[WhiteElo "1717"]
[BlackElo "2105"]
[PlyCount "45"]
[EventDate "2015.04.01"]
[EventType "swiss"]
[EventRounds "9"]
[EventCountry "COL"]
[SourceTitle "CBM 165 Extra"]
[Source "ChessBase"]
[SourceDate "2015.04.21"]
[SourceVersion "1"]
[SourceVersionDate "2015.04.21"]
[SourceQuality "1"]

1. d4 d5 2. Nf3 Nf6 3. Bf4 Bf5 4. Nbd2 e6 5. e3 Be7 6. Ne5 Nbd7 7. h3 Nxe5 8. Bxe5 Bd6 9. Nf3 Be4 10. Bxd6 Qxd6 11. c3 0-0 12. Bd3 c5 13. 0-0 c4 14. Bxe4 Nxe4 15. Nd2 Nxd2 16. Qxd2 b5 17. a3 a5 18. Qc2 b4 19. axb4 axb4 20. b3 Rac8 21. cxb4 Qxb4 22. bxc4 Rxc4 23. Qb1 1/2-1/2

[Event "COL-ch sf"]
[Site "Medellin"]
[Date "2014.??.??"]
[Round "10"]
[White "Molano Castano, Juan David"]
[Black "Sanchez Bonilla, John Henry"]
[Result "0-1"]
[WhiteElo "1445"]
[BlackElo "1700"]
[PlyCount "39"]
[EventDate "2014.04.15"]
[EventType "swiss"]
[EventRounds "11"]
[EventCountry "COL"]
[SourceTitle "CBM 160 Extra"]
[Source "ChessBase"]
[SourceDate "2014.07.01"]
[SourceVersion "1"]
[SourceVersionDate "2014.07.01"]
[SourceQuality "1"]

1. e3 d5 2. Nf3 Nf6 3. c4 e6 4. cxd5 exd5 5. Nc3 c6 6. g3 Bd6 7. Bg2 0-0 8. 0-0 Bg4 9. h3 Bh5 10. b3 Nbd7 11. Bb2 Ne5 12. d4 Nxf3+ 13. Bxf3 Bxf3 14. Qxf3 Re8 15. Rfe1 Ne4 16. Nxe4 Rxe4 17. Qh1 Qg5 18. h4 Qg6 19. Qh3 Rae8 20. Qd7 0-1

[Event "COL-ch sf"]
[Site "Medellin"]
[Date "2014.??.??"]
[Round "5"]
[White "Sanchez Bonilla, John Henry"]
[Black "Figeroa Salcedo, Reinaldo Arturo"]
[Result "1-0"]
[WhiteElo "1700"]
[BlackElo "1719"]
[PlyCount "45"]
[EventDate "2014.04.15"]
[EventType "swiss"]
[EventRounds "11"]
[EventCountry "COL"]
[SourceTitle "CBM 160 Extra"]
[Source "ChessBase"]
[SourceDate "2014.07.01"]
[SourceVersion "1"]
[SourceVersionDate "2014.07.01"]
[SourceQuality "1"]

1. d4 d5 2. Nf3 Nf6 3. Bf4 e6 4. e3 c6 5. Nbd2 Nbd7 6. Bd3 Be7 7. h3 0-0 8. c4 dxc4 9. Nxc4 b5 10. Ncd2 Nd5 11. Bg3 Bb7 12. 0-0 Nb4 13. Be2 Qb6 14. a3 Nd5 15. Rc1 c5 16. dxc5 Nxc5 17. b4 Na4 18. Qb3 Rfc8 19. Be5 Bf6 20. Qd3 Ndc3 21. Bxf6 Nb2 22. Qxc3 Rxc3 23. Bxc3 1-0